[Event "Huddersfield 4NCL Open"]
[Site "Huddersfield"]
[Date "2025.01.19"]
[Round "4.22"]
[White "Hopkins, Kit W"]
[Black "Rich, Aaron"]
[Result "1/2-1/2"]
[WhiteElo "2011"]
[BlackElo "2057"]
[PlyCount "66"]
[EventDate "2025.01.17"]
[EventType "swiss"]
[EventRounds "5"]
[EventCountry "ENG"]
[SourceTitle "BritBase"]
[Source "John Saunders"]
[SourceDate "2025.09.16"]
[SourceVersion "1"]
[SourceVersionDate "2025.09.16"]
[SourceQuality "1"]

1. Nf3 Nf6 2. g3 b6 3. Bg2 Bb7 4. O-O e6 5. c4 Be7 6. Nc3 O-O 7. b3 Ne4 8. Nxe4 Bxe4 9. Bb2 f5 10. d3 Bb7 11. e3 Qe8 12. Nd2 Bxg2 13. Kxg2 d6 14. f4 Nd7 15. e4 Qg6 16. Qe2 Rae8 17. Rae1 Bf6 18. d4 h6 19. e5 dxe5 20. dxe5 Be7 21. Rd1 Rd8 22. Nf3 Nb8 23. Rxd8 Rxd8 24. Rd1 Qe8 25. Rxd8 Qxd8 26. Qd2 c5 27. Qxd8+ Bxd8 28. Bc3 Nc6 29. Ne1 Be7 30. Nd3 Kf7 31. Kf3 Ke8 32. h3 g6 33. a3 a5 1/2-1/2

[Event "Huddersfield 4NCL Open"]
[Site "Huddersfield"]
[Date "2025.01.19"]
[Round "4.23"]
[White "Graham, Oliver"]
[Black "Rughani, Mahin"]
[Result "0-1"]
[WhiteElo "1878"]
[BlackElo "2055"]
[PlyCount "124"]
[EventDate "2025.01.17"]
[EventType "swiss"]
[EventRounds "5"]
[EventCountry "ENG"]
[SourceTitle "BritBase"]
[Source "John Saunders"]
[SourceDate "2025.09.16"]
[SourceVersion "1"]
[SourceVersionDate "2025.09.16"]
[SourceQuality "1"]

1. e4 c6 2. d4 d5 3. Nd2 dxe4 4. Nxe4 Bf5 5. Ng3 Bg6 6. Nf3 Nd7 7. Bd3 Bxd3 8. Qxd3 e6 9. O-O Ngf6 10. Qd1 Qc7 11. c3 Bd6 12. Re1 O-O 13. Bg5 h6 14. Bxf6 Nxf6 15. Ne4 Nxe4 16. Rxe4 Rfd8 17. Qb3 c5 18. h3 Rd7 19. Ree1 Rad8 20. Rad1 cxd4 21. Nxd4 Bc5 22. Nf3 Qg3 23. Nd4 Qh4 24. Qc4 Rd5 25. Qf1 e5 26. Nf3 Qxf2+ 27. Qxf2 Bxf2+ 28. Kxf2 Rxd1 29. Rxe5 R1d5 30. Re7 R5d7 31. Re2 Kf8 32. Nd4 Rd5 33. Rc2 g6 34. Kg3 R8d6 35. Kf2 f5 36. Re2 Kf7 37. Kf1 a6 38. Kf2 Rd7 39. Rc2 Kf6 40. Nf3 g5 41. Nd4 R7d6 42. Re2 Re5 43. Rc2 Re4 44. Rd2 Ke5 45. Nf3+ Ke6 46. Nd4+ Kf6 47. Kf1 f4 48. Kf2 h5 49. Kf3 Re3+ 50. Kf2 Rd7 51. Kf1 g4 52. h4 Rd6 53. Kf2 Rd7 54. Kf1 Rd5 55. Kf2 Ke5 56. Kf1 Re4 57. Kf2 Kf6 58. Kf1 b5 59. Kf2 b4 60. Rc2 bxc3 61. bxc3 Rde5 62. Rb2 g3+ 0-1

[Event "Huddersfield 4NCL Open"]
[Site "Huddersfield"]
[Date "2025.01.19"]
[Round "4.24"]
[White "Longson, Sarah N"]
[Black "Rich, Ben S"]
[Result "1-0"]
[WhiteElo "2044"]
[BlackElo "1940"]
[PlyCount "99"]
[EventDate "2025.01.17"]
[EventType "swiss"]
[EventRounds "5"]
[EventCountry "ENG"]
[SourceTitle "BritBase"]
[Source "John Saunders"]
[SourceDate "2025.09.16"]
[SourceVersion "1"]
[SourceVersionDate "2025.09.16"]
[SourceQuality "1"]

1. e4 c5 2. Nc3 d6 3. f4 Nf6 4. Nf3 a6 5. a4 b6 6. e5 dxe5 7. fxe5 Nd5 8. Bc4 e6 9. d4 Bb7 10. Bg5 Nxc3 11. bxc3 Be7 12. Bxe7 Qxe7 13. O-O O-O 14. Bd3 Nc6 15. Rb1 cxd4 16. cxd4 Nb4 17. Rf2 Rac8 18. Qd2 a5 19. c3 Nd5 20. Ng5 h6 21. Ne4 Qa3 22. Rbf1 Rxc3 23. Nxc3 Qxc3 24. Qxc3 Nxc3 25. Bg6 f5 26. exf6 Rxf6 27. Rxf6 gxf6 28. Rxf6 Ne2+ 29. Kf2 Nxd4 30. Ke3 Kg7 31. Rf7+ Kxg6 32. Rxb7 Nb3 33. Rxb6 Nc5 34. Rc6 Nxa4 35. Rxe6+ Kg7 36. Ra6 Nb2 37. Kd4 a4 38. g4 Nd1 39. Rxa4 Nf2 40. Ke3 Nh3 41. Ra6 Kh7 42. Kf3 Ng5+ 43. Kf4 Kg7 44. h4 Nf7 45. Kf5 h5 46. g5 Kg8 47. Kf6 Nd8 48. Ra8 Kh7 49. g6+ Kh6 50. g7 1-0

[Event "Huddersfield 4NCL Open"]
[Site "Huddersfield"]
[Date "2025.01.19"]
[Round "4.25"]
[White "Hepworth, Peter"]
[Black "Nezis, Anastasios"]
[Result "1-0"]
[WhiteElo "2027"]
[BlackElo "1811"]
[PlyCount "115"]
[EventDate "2025.01.17"]
[EventType "swiss"]
[EventRounds "5"]
[EventCountry "ENG"]
[SourceTitle "BritBase"]
[Source "John Saunders"]
[SourceDate "2025.09.16"]
[SourceVersion "1"]
[SourceVersionDate "2025.09.16"]
[SourceQuality "1"]

1. d4 d6 2. Nf3 Nf6 3. Nc3 Nbd7 4. e4 e5 5. Bc4 h6 6. h3 c6 7. dxe5 dxe5 8. a3 Qc7 9. O-O Be7 10. Qe2 a5 11. a4 O-O 12. Nh4 Nc5 13. Ng6 Re8 14. Nxe7+ Qxe7 15. b3 Ne6 16. Bxe6 Bxe6 17. Ba3 Qc7 18. Rfd1 Rad8 19. Rxd8 Rxd8 20. Rd1 Rd7 21. g4 b6 22. Bc1 Qd8 23. Rxd7 Bxd7 24. Be3 b5 25. f3 Nh7 26. axb5 cxb5 27. Nxb5 Bxb5 28. Qxb5 Qd1+ 29. Kg2 Qxc2+ 30. Kg3 Ng5 31. Qxa5 Qxb3 32. Bxg5 hxg5 33. Qxe5 Qe3 34. Qb2 Qg1+ 35. Qg2 Qe3 36. Qf2 Qf4+ 37. Kg2 f6 38. h4 gxh4 39. Qxh4 g5 40. Qh6 Qd2+ 41. Kh3 Qe1 42. Qg6+ Kh8 43. Qxf6+ Kh7 44. Qf7+ Kh6 45. Qh5+ Kg7 46. Qxg5+ Kh8 47. e5 Qh1+ 48. Kg3 Qg1+ 49. Kf4 Qc1+ 50. Kf5 Qc2+ 51. Kf6 Qc6+ 52. e6 Qxf3+ 53. Kg6 Qe4+ 54. Qf5 Qxe6+ 55. Qf6+ Qxf6+ 56. Kxf6 Kg8 57. Kg6 Kh8 58. Kf7 1-0

[Event "Huddersfield 4NCL Open"]
[Site "Huddersfield"]
[Date "2025.01.19"]
[Round "4.26"]
[White "Wedge, David C"]
[Black "Patel, Keatan"]
[Result "1/2-1/2"]
[WhiteElo "1899"]
[BlackElo "2090"]
[PlyCount "113"]
[EventDate "2025.01.17"]
[EventType "swiss"]
[EventRounds "5"]
[EventCountry "ENG"]
[SourceTitle "BritBase"]
[Source "John Saunders"]
[SourceDate "2025.09.16"]
[SourceVersion "1"]
[SourceVersionDate "2025.09.16"]
[SourceQuality "1"]

1. e4 c6 2. d4 d5 3. Nd2 dxe4 4. Nxe4 Bf5 5. Ng3 Bg6 6. Nf3 Nd7 7. h4 h6 8. h5 Bh7 9. Bd3 Bxd3 10. Qxd3 e6 11. Bd2 Ngf6 12. c4 Be7 13. O-O O-O 14. Rfe1 Qc7 15. Bc3 a5 16. a3 a4 17. Rad1 Rfd8 18. Qe2 Bf8 19. Ne5 Nxe5 20. dxe5 Nd7 21. Qg4 Nc5 22. Re3 Rxd1+ 23. Qxd1 Rd8 24. Qe2 Qd7 25. Kh2 Qd1 26. Ne4 Qxe2 27. Rxe2 Nxe4 28. Rxe4 Bc5 29. f3 Rd3 30. Kg3 Bxa3 31. Rd4 Rxd4 32. Bxd4 Be7 33. c5 Kh7 34. Kf2 g6 35. g4 gxh5 36. gxh5 Kg7 37. f4 Bd8 38. Ke2 Ba5 39. Kd3 Bb4 40. Be3 f5 41. Kc4 Ba5 42. Kd3 Bb4 43. Kc4 Be1 44. Kd3 Kf7 45. Bd2 Bf2 46. Be3 Bxe3 47. Kxe3 Ke7 48. Kd4 Kd7 49. Kc4 Kc7 50. Kb4 b5 51. cxb6+ Kxb6 52. Kxa4 c5 53. Kb3 Kb5 54. Kc3 c4 55. b3 cxb3 56. Kxb3 Kc5 57. Kc3 1/2-1/2

[Event "Huddersfield 4NCL Open"]
[Site "Huddersfield"]
[Date "2025.01.19"]
[Round "4.27"]
[White "Doran, Chris"]
[Black "Gunarathne, Senith"]
[Result "1/2-1/2"]
[WhiteElo "2045"]
[BlackElo "1922"]
[PlyCount "138"]
[EventDate "2025.01.17"]
[EventType "swiss"]
[EventRounds "5"]
[EventCountry "ENG"]
[SourceTitle "BritBase"]
[Source "John Saunders"]
[SourceDate "2025.09.16"]
[SourceVersion "1"]
[SourceVersionDate "2025.09.16"]
[SourceQuality "1"]

1. e4 c5 2. Nf3 d6 3. d4 cxd4 4. Nxd4 Nf6 5. Nc3 a6 6. Bg5 e6 7. f4 Be7 8. Qf3 Qc7 9. O-O-O Nbd7 10. Bd3 h6 11. Qh3 Nb6 12. f5 e5 13. Nde2 Bd7 14. Kb1 Bc6 15. Be3 d5 16. Bxb6 Qxb6 17. exd5 Ba3 18. b3 Bxd5 19. Nxd5 Nxd5 20. Be4 Nf6 21. Nc3 O-O 22. Nd5 Nxd5 23. Bxd5 e4 24. Bxe4 Qf6 25. c3 Rac8 26. Rd3 Rc7 27. Kc2 Rfc8 28. Rb1 Bb4 29. c4 b5 30. Bd5 Qe5 31. Qf3 Ba5 32. Qe4 Qxe4 33. Bxe4 bxc4 34. Rd5 Bb4 35. Rbd1 Be7 36. Kb1 cxb3 37. axb3 Rc3 38. R5d3 Bf6 39. Rxc3 Rxc3 40. Rd3 Kf8 41. Rxc3 Bxc3 42. Kc2 Bb4 43. Kd3 Ke7 44. Bd5 g6 45. fxg6 fxg6 46. Ke4 Kf6 47. Kf3 Kg5 48. Bf7 Kf6 49. Be8 Kf5 50. Bd7+ Ke5 51. Be8 Kf6 52. Ke4 a5 53. Kf3 Kg5 54. Bf7 h5 55. Be8 h4 56. h3 Bd6 57. Bf7 Kf5 58. Be8 g5 59. Bd7+ Kf6 60. Kg4 Bf4 61. Bc6 Ke5 62. Kf3 Kd4 63. Bd7 Kc3 64. Be6 Kb4 65. Bf7 Kc3 66. Be6 Kd3 67. Bc4+ Kd4 68. Be6 Bg3 69. Bf7 Bf4 1/2-1/2

[Event "Huddersfield 4NCL Open"]
[Site "Huddersfield"]
[Date "2025.01.19"]
[Round "4.28"]
[White "Pitel, Benedikt"]
[Black "Garnett, John S"]
[Result "1-0"]
[WhiteElo "1890"]
[BlackElo "1994"]
[PlyCount "135"]
[EventDate "2025.01.17"]
[EventType "swiss"]
[EventRounds "5"]
[EventCountry "ENG"]
[SourceTitle "BritBase"]
[Source "John Saunders"]
[SourceDate "2025.09.16"]
[SourceVersion "1"]
[SourceVersionDate "2025.09.16"]
[SourceQuality "1"]

1. e4 d5 2. exd5 Nf6 3. d4 Bg4 4. Nf3 Qxd5 5. Be2 Nc6 6. O-O O-O-O 7. c3 e6 8. b4 Bd6 9. b5 Ne7 10. c4 Qf5 11. h3 Bxh3 12. Ng5 Bxg2 13. Kxg2 h6 14. Bd3 hxg5 15. Bxf5 Rh2+ 16. Kf3 Nxf5 17. Bxg5 Rdh8 18. Bxf6 gxf6 19. Rg1 R8h3+ 20. Ke2 Rh4 21. Nd2 Nxd4+ 22. Kf1 Rf4 23. Rg2 Rh1+ 24. Rg1 Rh2 25. f3 Bb4 26. Rg8+ Kd7 27. Nb3 e5 28. Nxd4 Rxd4 29. Qb3 Bc5 30. Rg1 Rdd2 31. Qd1 Rxd1+ 32. Rxd1+ Ke6 33. Rg2 Rh4 34. Rc2 Bd4 35. Kg2 Rh8 36. Rh1 Rxh1 37. Kxh1 f5 38. Kg2 e4 39. Re2 e3 40. f4 Kd6 41. Kf3 Kc5 42. Rc2 f6 43. Ke2 Kd6 44. Kd3 Bc5 45. Rg2 a6 46. bxa6 bxa6 47. Rg6 Ke6 48. Rg7 Bb6 49. Rg8 a5 50. Rd8 Ke7 51. Rd5 Ke6 52. Rb5 Kd6 53. Rxf5 Ke6 54. Rb5 Kd6 55. a4 Kc6 56. Rd5 Bc5 57. Kc3 Bd6 58. Rf5 Be7 59. Kd3 e2 60. Kxe2 Kb6 61. Kf3 c5 62. Ke4 Kc6 63. Rd5 Bd6 64. Kf5 Bc7 65. Rd3 Bb8 66. Rd8 Bc7 67. Rc8 Kd7 68. Rxc7+ 1-0

[Event "Huddersfield 4NCL Open"]
[Site "Huddersfield"]
[Date "2025.01.19"]
[Round "4.29"]
[White "Burke, Alex"]
[Black "Cuaresma, Gerald"]
[Result "1-0"]
[WhiteElo "1952"]
[BlackElo "1951"]
[PlyCount "97"]
[EventDate "2025.01.17"]
[EventType "swiss"]
[EventRounds "5"]
[EventCountry "ENG"]
[SourceTitle "BritBase"]
[Source "John Saunders"]
[SourceDate "2025.09.16"]
[SourceVersion "1"]
[SourceVersionDate "2025.09.16"]
[SourceQuality "1"]

1. d4 Nf6 2. c4 g6 3. Nc3 Bg7 4. e4 d6 5. Nf3 O-O 6. Be3 Nbd7 7. Be2 e5 8. dxe5 dxe5 9. O-O c6 10. Qc2 Qe7 11. Rfd1 Ng4 12. Bg5 f6 13. Bh4 Nh6 14. Rab1 Nf7 15. b4 a5 16. a3 Re8 17. c5 Nf8 18. Na4 axb4 19. axb4 g5 20. Bg3 Bg4 21. Nb6 Bxf3 22. Bxf3 Rad8 23. Bg4 Rd4 24. f3 Red8 25. Bf2 Rxd1+ 26. Rxd1 Ng6 27. g3 Nh6 28. Be6+ Kh8 29. Bh3 Nf7 30. Rxd8+ Nxd8 31. Qa2 Nf8 32. Qa8 h5 33. Nc4 Bh6 34. Nd6 Kh7 35. Bf5+ Ng6 36. Qb8 Bf8 37. Nc4 Kg7 38. Na5 b5 39. cxb6 Qxb4 40. Qxd8 Bc5 41. Bxc5 Qxc5+ 42. Kf1 Qb5+ 43. Kf2 Qb2+ 44. Ke3 Qa3+ 45. Ke2 Qa2+ 46. Qd2 Qb1 47. b7 Qb5+ 48. Kf2 Qb6+ 49. Kg2 1-0

[Event "Huddersfield 4NCL Open"]
[Site "Huddersfield"]
[Date "2025.01.19"]
[Round "5.1"]
[White "Wells, Peter K"]
[Black "Gormally, Daniel W"]
[Result "1/2-1/2"]
[WhiteElo "2443"]
[BlackElo "2468"]
[PlyCount "35"]
[EventDate "2025.01.17"]
[EventType "swiss"]
[EventRounds "5"]
[EventCountry "ENG"]
[SourceTitle "BritBase"]
[Source "John Saunders"]
[SourceDate "2025.09.16"]
[SourceVersion "1"]
[SourceVersionDate "2025.09.16"]
[SourceQuality "1"]

1. d4 Nf6 2. c4 e6 3. Nf3 b6 4. g3 Ba6 5. b3 Bb7 6. Bg2 Bb4+ 7. Bd2 a5 8. O-O O-O 9. Qc2 Be4 10. Qb2 d5 11. Bg5 h6 12. Bxf6 Qxf6 13. cxd5 exd5 14. Nbd2 Bxd2 15. Qxd2 Nc6 16. Rfd1 Bxf3 17. Bxf3 Ne7 18. Rac1 1/2-1/2

[Event "Huddersfield 4NCL Open"]
[Site "Huddersfield"]
[Date "2025.01.19"]
[Round "5.2"]
[White "Raju, Sooraj Menothuparam"]
[Black "Southcott-Moyers, Indy"]
[Result "1/2-1/2"]
[WhiteElo "2270"]
[BlackElo "2280"]
[PlyCount "100"]
[EventDate "2025.01.17"]
[EventType "swiss"]
[EventRounds "5"]
[EventCountry "ENG"]
[SourceTitle "BritBase"]
[Source "John Saunders"]
[SourceDate "2025.09.16"]
[SourceVersion "1"]
[SourceVersionDate "2025.09.16"]
[SourceQuality "1"]

1. e4 c6 2. d3 d5 3. Nd2 e5 4. Ngf3 Bd6 5. d4 exd4 6. Bd3 Ne7 7. O-O Nd7 8. exd5 Nxd5 9. Re1+ Be7 10. Nxd4 N7f6 11. Nf5 Bxf5 12. Bxf5 O-O 13. c4 Nf4 14. Qf3 Ng6 15. g3 Re8 16. Nb3 Bd6 17. Bg5 Rxe1+ 18. Rxe1 h6 19. Bd2 Qf8 20. Qc3 Re8 21. Rxe8 Qxe8 22. Qd3 Be5 23. Bc1 Bc7 24. Qe3 Qxe3 25. Bxe3 Ne7 26. Bh3 b6 27. Nd4 Kf8 28. b4 Ke8 29. Kf1 Nd7 30. f4 Bb8 31. Ke2 Kd8 32. Nb3 Bd6 33. a3 h5 34. Kd3 g6 35. Bg2 c5 36. bxc5 Nxc5+ 37. Nxc5 Bxc5 38. Bxc5 bxc5 39. Ke4 f6 40. h3 Kd7 41. g4 hxg4 42. hxg4 Kd6 43. g5 fxg5 44. fxg5 Nc6 45. Kf4 Ne5 46. Bd5 Nd3+ 47. Ke3 Ne5 48. Ke4 Nd7 49. Ke3 Ne5 50. Ke4 Nd7 1/2-1/2

[Event "Huddersfield 4NCL Open"]
[Site "Huddersfield"]
[Date "2025.01.19"]
[Round "5.3"]
[White "Hebden, Mark L"]
[Black "Kanyamarala, Trisha"]
[Result "0-1"]
[WhiteElo "2444"]
[BlackElo "2279"]
[PlyCount "106"]
[EventDate "2025.01.17"]
[EventType "swiss"]
[EventRounds "5"]
[EventCountry "ENG"]
[SourceTitle "BritBase"]
[Source "John Saunders"]
[SourceDate "2025.09.16"]
[SourceVersion "1"]
[SourceVersionDate "2025.09.16"]
[SourceQuality "1"]

1. d4 Nf6 2. Bg5 c5 3. Bxf6 exf6 4. Nc3 d5 5. e4 dxe4 6. dxc5 Qxd1+ 7. Rxd1 Bxc5 8. Nxe4 Bb4+ 9. c3 Be7 10. Bb5+ Kf8 11. Nd6 Bxd6 12. Rxd6 Ke7 13. Rd2 Be6 14. Ne2 Bxa2 15. Nd4 Be6 16. O-O a6 17. Ba4 Rd8 18. Re1 Nd7 19. f4 g6 20. g4 f5 21. gxf5 gxf5 22. Nxf5+ Kf6 23. Nd6 Nc5 24. Bc2 Ke7 25. Nf5+ Kf6 26. Nd4 Rg8+ 27. Kf2 Bh3 28. Re5 Nd7 29. Rg5 Nb6 30. Nf3 Nc4 31. Rd4 Rgc8 32. Be4 Rab8 33. Rh5 Bg4 34. Rh6+ Ke7 35. Ng5 Nxb2 36. Rxh7 Rf8 37. f5 Kf6 38. Rd6+ Ke5 39. Rd5+ Kf4 40. Bc2 Rbd8 41. Rxf7 Kxg5 42. Kg3 Rxf7 43. Rxd8 Bxf5 44. Rd5 Nc4 45. Bb3 Rc7 46. h4+ Kf6 47. Kf4 Be6 48. Rh5 Bf7 49. Rf5+ Kg7 50. h5 Nd6 51. Rg5+ Kh6 52. Bxf7 Rxf7+ 53. Kg4 Rg7 0-1

[Event "Huddersfield 4NCL Open"]
[Site "Huddersfield"]
[Date "2025.01.19"]
[Round "5.4"]
[White "Astrom, Lars"]
[Black "Davies, Nigel R"]
[Result "1/2-1/2"]
[WhiteElo "2207"]
[BlackElo "2376"]
[PlyCount "152"]
[EventDate "2025.01.17"]
[EventType "swiss"]
[EventRounds "5"]
[EventCountry "ENG"]
[SourceTitle "BritBase"]
[Source "John Saunders"]
[SourceDate "2025.09.16"]
[SourceVersion "1"]
[SourceVersionDate "2025.09.16"]
[SourceQuality "1"]

1. e4 g6 2. d4 Bg7 3. Nf3 d6 4. Nc3 c6 5. a4 Nf6 6. Be2 O-O 7. O-O Nbd7 8. e5 Ne8 9. Bg5 dxe5 10. dxe5 Nc7 11. Re1 Ne6 12. Bh4 Nxe5 13. Nxe5 Bxe5 14. Qxd8 Rxd8 15. Bxe7 Re8 16. Bh4 Nc5 17. Bg3 Bxg3 18. hxg3 a5 19. Nd1 Bg4 20. Kf1 Ne4 21. Ne3 Nd2+ 22. Kg1 Bxe2 23. Rxe2 Nc4 24. b3 Nxe3 25. fxe3 Rad8 26. Rf1 Re5 27. Rf4 Rd1+ 28. Kf2 g5 29. Rf3 f5 30. e4 fxe4 31. Rc3 Kf7 32. Rc4 e3+ 33. Rxe3 Rd2+ 34. Kf3 Rxe3+ 35. Kxe3 Rxg2 36. Kf3 Rd2 37. b4 Rd5 38. c3 h5 39. bxa5 c5 40. a6 bxa6 41. a5 Ke6 42. Ke3 Re5+ 43. Kd3 Kd5 44. Ra4 Rf5 45. Ke2 g4 46. Ra1 Rf3 47. Rh1 Rxg3 48. Rxh5+ Kc4 49. Rg5 Kb5 50. Kd2 Rg1 51. Kc2 Kc4 52. Rg6 Rg2+ 53. Kd1 Kd3 54. Rd6+ Kxc3 55. Rxa6 c4 56. Rg6 Rg1+ 57. Ke2 Rg2+ 58. Kd1 Rd2+ 59. Ke1 Ra2 60. a6 Kb3 61. Rb6+ Kc2 62. Kf2 Ra3 63. Rc6 c3 64. Kg3 Ra4 65. Rb6 Kd2 66. Rd6+ Kc1 67. Rc6 c2 68. Rb6 Kd2 69. Rd6+ Kc3 70. Rc6+ Kd3 71. Rd6+ Rd4 72. Rxd4+ Kxd4 73. a7 c1=Q 74. a8=Q Qe3+ 75. Kxg4 Qe4+ 76. Qxe4+ Kxe4 1/2-1/2

[Event "Huddersfield 4NCL Open"]
[Site "Huddersfield"]
[Date "2025.01.19"]
[Round "5.5"]
[White "Kanyamarala, Tarun"]
[Black "Townsend, M Paul"]
[Result "1-0"]
[WhiteElo "2451"]
[BlackElo "2257"]
[PlyCount "111"]
[EventDate "2025.01.17"]
[EventType "swiss"]
[EventRounds "5"]
[EventCountry "ENG"]
[SourceTitle "BritBase"]
[Source "John Saunders"]
[SourceDate "2025.09.16"]
[SourceVersion "1"]
[SourceVersionDate "2025.09.16"]
[SourceQuality "1"]

1. d4 Nf6 2. c4 e6 3. Nc3 Bb4 4. e3 O-O 5. Bd3 d5 6. a3 dxc4 7. Bxc4 Bd6 8. Nf3 Nc6 9. O-O a6 10. h3 e5 11. Qc2 b5 12. Bd3 Bb7 13. Ne4 h6 14. Bd2 exd4 15. exd4 Nxe4 16. Bxe4 Qf6 17. Rac1 Nd8 18. Bxb7 Nxb7 19. Qc6 Rab8 20. Kh1 Nd8 21. Qxa6 Rb6 22. Qa5 Nc6 23. Qc3 b4 24. axb4 Bxb4 25. Qd3 Nxd4 26. Be3 Nxf3 27. Bxb6 Ne5 28. Qe4 cxb6 29. f4 Bd6 30. fxe5 Qxe5 31. Qxe5 Bxe5 32. b3 Re8 33. Rfe1 Re6 34. Rc8+ Kh7 35. g4 Kg6 36. Rec1 Bf6 37. R8c6 Re3 38. Rxb6 Rxh3+ 39. Kg2 Rd3 40. Rb5 Bg5 41. Rc6+ Bf6 42. Rc7 Rd2+ 43. Kf3 Rd3+ 44. Ke2 Rg3 45. Rc4 Bg5 46. Kf2 Rh3 47. Rb7 Bh4+ 48. Ke2 Rh2+ 49. Kf3 Rf2+ 50. Ke3 Rf6 51. b4 Bf2+ 52. Ke2 h5 53. Rbc7 hxg4 54. R7c6 g3 55. b5 Kf5 56. Rxf6+ 1-0

[Event "Huddersfield 4NCL Open"]
[Site "Huddersfield"]
[Date "2025.01.19"]
[Round "5.6"]
[White "Boswell, Jacob Connor"]
[Black "Chan, Sheng Liang Bernard"]
[Result "1-0"]
[WhiteElo "2335"]
[BlackElo "2178"]
[PlyCount "175"]
[EventDate "2025.01.17"]
[EventType "swiss"]
[EventRounds "5"]
[EventCountry "ENG"]
[SourceTitle "BritBase"]
[Source "John Saunders"]
[SourceDate "2025.09.16"]
[SourceVersion "1"]
[SourceVersionDate "2025.09.16"]
[SourceQuality "1"]

1. g3 e5 2. c4 h5 3. h4 Nc6 4. Bg2 Nf6 5. Nc3 Bc5 6. Nf3 d6 7. O-O Be6 8. d3 Qd7 9. Ng5 Bg4 10. Bd2 Nd4 11. Rb1 c6 12. b4 Bb6 13. Re1 Nf5 14. Nge4 Nxe4 15. Nxe4 Nd4 16. c5 Bc7 17. cxd6 Bxd6 18. Nxd6+ Qxd6 19. Bc3 a6 20. Bxd4 exd4 21. Qc1 O-O 22. Qc5 Rad8 23. Rbc1 Rfe8 24. Kf1 Qe6 25. Rc2 g6 26. Kg1 Qd6 27. Qxd6 Rxd6 28. Kf1 Re5 29. Rb1 Rde6 30. Rbb2 Re7 31. f3 Bf5 32. Kf2 Kg7 33. f4 Re3 34. Bf3 Bg4 35. Bxg4 hxg4 36. Rc5 R3e6 37. Rbc2 f5 38. a4 Kf7 39. Rb2 Kg7 40. b5 cxb5 41. axb5 Rd7 42. bxa6 bxa6 43. Ra2 Rb6 44. h5 Kh6 45. hxg6 Kxg6 46. Raa5 Rh7 47. Kg2 Re7 48. Kf2 Rh7 49. Kg2 Re7 50. Ra2 Rbe6 51. Kf2 Rh7 52. Re5 Rb6 53. Rea5 Re6 54. Kg2 Ra7 55. Rd5 Rae7 56. Kf1 Rh7 57. Re5 Rb6 58. Kg2 Rd7 59. Raa5 Rf7 60. Rad5 Rb4 61. Rd6+ Rf6 62. Ree6 Rxe6 63. Rxe6+ Kf7 64. Rxa6 Ke7 65. Kf2 Kf7 66. Rd6 Ke7 67. Rc6 Ra4 68. Rc5 Ke6 69. Kf1 Ra1+ 70. Kg2 Ra2 71. Kf2 Ra4 72. Re5+ Kf6 73. Re8 Kf7 74. Rc8 Ke7 75. Rc7+ Ke6 76. Rh7 Kf6 77. Rh5 Kg6 78. Rh1 Kf7 79. Rh7+ Kf6 80. Rh6+ Kf7 81. Rc6 Ke7 82. Rc1 Kd6 83. Rc2 Kd5 84. Rd2 Ra3 85. Rb2 Ra4 86. Rb6 Ra1 87. Rf6 Rh1 88. Rxf5+ 1-0

[Event "Huddersfield 4NCL Open"]
[Site "Huddersfield"]
[Date "2025.01.19"]
[Round "5.7"]
[White "Elgar, Tim"]
[Black "Badacsonyi, Frankie"]
[Result "1-0"]
[WhiteElo "2139"]
[BlackElo "2308"]
[PlyCount "65"]
[EventDate "2025.01.17"]
[EventType "swiss"]
[EventRounds "5"]
[EventCountry "ENG"]
[SourceTitle "BritBase"]
[Source "John Saunders"]
[SourceDate "2025.09.16"]
[SourceVersion "1"]
[SourceVersionDate "2025.09.16"]
[SourceQuality "1"]

1. Nf3 d5 2. g3 c6 3. Bg2 Bg4 4. O-O Nd7 5. h3 Bh5 6. d3 e6 7. c4 Ngf6 8. cxd5 exd5 9. e4 dxe4 10. dxe4 Nc5 11. Nc3 Qxd1 12. Rxd1 Be7 13. g4 Bg6 14. Ne5 Nfxe4 15. Re1 Nxc3 16. bxc3 Kf8 17. Ba3 Ne6 18. Bxe7+ Kxe7 19. f4 f5 20. Rab1 Rab8 21. Bxc6 fxg4 22. Nxg6+ hxg6 23. Bd5 Rxh3 24. Rxe6+ Kd7 25. Rxg6 Rxc3 26. Rd1 Rf8 27. Rxg7+ Kd6 28. Rxg4 b5 29. Rg6+ Kc7 30. Rf1 Rc5 31. Bb3 Rcf5 32. Rg4 R8f6 33. Kg2 1-0

[Event "Huddersfield 4NCL Open"]
[Site "Huddersfield"]
[Date "2025.01.19"]
[Round "5.8"]
[White "Cook, Phil"]
[Black "Nakara, Husain"]
[Result "1/2-1/2"]
[WhiteElo "2099"]
[BlackElo "2283"]
[PlyCount "179"]
[EventDate "2025.01.17"]
[EventType "swiss"]
[EventRounds "5"]
[EventCountry "ENG"]
[SourceTitle "BritBase"]
[Source "John Saunders"]
[SourceDate "2025.09.16"]
[SourceVersion "1"]
[SourceVersionDate "2025.09.16"]
[SourceQuality "1"]

1. e4 e5 2. Nf3 Nc6 3. d4 exd4 4. Nxd4 Nf6 5. Nxc6 bxc6 6. e5 Qe7 7. Qe2 Nd5 8. h4 d6 9. c4 Nb6 10. exd6 cxd6 11. Nc3 Qe6 12. b3 Be7 13. g3 Bf6 14. Bd2 d5 15. Qxe6+ fxe6 16. Bg2 O-O 17. O-O dxc4 18. Bxc6 Rb8 19. Rac1 cxb3 20. axb3 Nd7 21. Ne4 Ne5 22. Nxf6+ gxf6 23. Be3 Rxb3 24. Bxa7 Rd8 25. Be4 f5 26. Bg2 Ba6 27. Rfd1 Rxd1+ 28. Rxd1 Be2 29. Re1 Nf3+ 30. Bxf3 Bxf3 31. Kh2 Be4 32. Bd4 Rd3 33. Be5 Rd2 34. Kg1 Kf7 35. Bf4 Rb2 36. Be5 Rc2 37. Kf1 Bf3 38. Ra1 Kg6 39. Bf4 Rb2 40. Rc1 Kh5 41. Be5 Rb5 42. Bf4 e5 43. Bg5 Rd5 44. Re1 Kg6 45. Rc1 Rb5 46. Rc3 Rb1+ 47. Rc1 Rb2 48. Re1 h6 49. Be7 Be4 50. Bd6 Kf6 51. Bf8 h5 52. Bh6 Ke6 53. f4 Rb3 54. fxe5 Rxg3 55. Bg5 Kxe5 56. Kf2 Rf3+ 57. Ke2 Rh3 58. Rc1 Bd5 59. Rc8 Ra3 60. Re8+ Be6 61. Bh6 Ra6 62. Ke3 Ra3+ 63. Ke2 Ra4 64. Bg5 Rg4 65. Ke3 Rg3+ 66. Kf2 Ra3 67. Rf8 Ra4 68. Ke3 Re4+ 69. Kf2 Bd5 70. Re8+ Be6 71. Rf8 Rg4 72. Re8 f4 73. Ra8 Bd7 74. Ra7 Bc6 75. Re7+ Kd4 76. Re6 Bd5 77. Bf6+ Kc4 78. Re5 Rg6 79. Bg5 f3 80. Be3 Rg4 81. Rxh5 Rg2+ 82. Kf1 Kd3 83. Rxd5+ Kxe3 84. Re5+ Kf4 85. Re8 Rh2 86. Rf8+ Kg4 87. Rg8+ Kxh4 88. Rh8+ Kg3 89. Rxh2 Kxh2 90. Kf2 1/2-1/2

[Event "Huddersfield 4NCL Open"]
[Site "Huddersfield"]
[Date "2025.01.19"]
[Round "5.9"]
[White "Okhai, Shabir"]
[Black "McLean, Robert"]
[Result "1/2-1/2"]
[WhiteElo "2265"]
[BlackElo "2156"]
[PlyCount "26"]
[EventDate "2025.01.17"]
[EventType "swiss"]
[EventRounds "5"]
[EventCountry "ENG"]
[SourceTitle "BritBase"]
[Source "John Saunders"]
[SourceDate "2025.09.16"]
[SourceVersion "1"]
[SourceVersionDate "2025.09.16"]
[SourceQuality "1"]

1. e4 e6 2. d4 d5 3. Nc3 Nf6 4. e5 Nfd7 5. Nce2 c5 6. c3 Nc6 7. Nf3 cxd4 8. cxd4 Bb4+ 9. Bd2 Qa5 10. Nc3 Qb6 11. Na4 Qa5 12. Nc3 Qb6 13. Na4 Qa5 1/2-1/2

[Event "Huddersfield 4NCL Open"]
[Site "Huddersfield"]
[Date "2025.01.19"]
[Round "5.10"]
[White "Mikalajunas, Kajus"]
[Black "Peart, Alan"]
[Result "1/2-1/2"]
[WhiteElo "2214"]
[BlackElo "2125"]
[PlyCount "39"]
[EventDate "2025.01.17"]
[EventType "swiss"]
[EventRounds "5"]
[EventCountry "ENG"]
[SourceTitle "BritBase"]
[Source "John Saunders"]
[SourceDate "2025.09.16"]
[SourceVersion "1"]
[SourceVersionDate "2025.09.16"]
[SourceQuality "1"]

1. Nf3 Nf6 2. g3 g6 3. Bg2 Bg7 4. O-O O-O 5. c4 d6 6. d4 Nbd7 7. Nc3 e5 8. e4 exd4 9. Nxd4 Re8 10. h3 Nc5 11. Re1 h6 12. b3 c6 13. Bb2 a5 14. Qc2 a4 15. bxa4 Qb6 16. Nb3 Nxa4 17. Nxa4 Rxa4 18. Bd4 Qb4 19. Bc3 Qb6 20. Bd4 1/2-1/2